000 00291nam a22001337a 4500
008 171101b xxu||||| |||| 00| 0 eng d
020 _a9780195134360
041 _aeng
080 _22ND
_a339.9
100 _a59
101 _aGLO
245 _aGLOBAL BANKING
_cSMITH,R.C
942 _2udc
_cBK
999 _c37137
_d37137